000 01306nam0a2200361 4500
001 RU\NLR\bibl\183247
005 20260406054344.0
010 _a5-7429-0110-0
_97000
021 _aRU
_b2001-21374
_91012
035 _a(NLR Aleph) 000179854
090 _a1038178
_c1038178
100 _a20010731d2001 |||y0rusy50 ca
101 0 _arus
102 _aRU
105 _ay |||||||||
200 1 _aРуководство по гомилетике
_fАрхиеп. Аверкий (Таушев)
210 _aМ.
_cПравосл. Св.-Тихон. богосл. ин-та
_d2001
215 _a142, [1] с.
_d20
606 0 _aГомилетика
_9925469
_3RU\NLR\auth\66339892
610 0 _aПроповеди церковные
610 0 _aГомилетика (религиоз.)
675 _a251
_v3
_zrus
686 _a21.15
_2rugasnti
686 _a86.3
_2rubbk
686 _aЭ372.24-462.13
700 0 _4070
_8rus
_7ca
_aАверкий
_cТаушев, Александр Павлович
_cархиепископ Сиракузский и Троицкий
_f1906-1976
_3RU\NLR\AUTH\778914
_9118793
801 0 _aRU
_bRKP
_c20010731
_gPSBO
801 1 _aRU
_bRKP
_c20010731
801 2 _aRU
_bNLR
_c20100630
_grcr
942 _cBOOK
980 _aNB